000 00748nam a2200241Ia 4500
003 OSt
005 20220923211043.0
006 a|||||r|||| 00| 0
007 ta
008 Pun
020 _a8173809151 (hbk)
_c200
024 _a284,536
037 _b921, 20/03/2015, H.K. Prakashan
_cTextual
040 _aARTS
_cARTS
_bPun
041 _2Pun
_aPun
082 _a2N7, 153P4
100 _aਨਵਲਾਣੀ, ਕਿFਨੀ
_9157657
245 0 _aਸੂਚਨਾ ਸੰਚਾਰ
260 _aਪਟਿਆਲਾ
_b ਪੰਜਾਬੀ ਯੂਨੀਵਰਸਿਟੀ
_c2004
300 _a235ਪੰ
_ccm.
942 _h2N7, 153P4
_cTEXL
_2CC
999 _c294550
_d294550